The Advantages of manufacturing natural fibers mechanicaly / (Record no. 96945)
[ view plain ]
| 000 -LEADER | |
|---|---|
| fixed length control field | 00610nam a2200169 a 4500 |
| 003 - CONTROL NUMBER IDENTIFIER | |
| control field | 0 |
| 005 - DATE AND TIME OF LATEST TRANSACTION | |
| control field | 20250523111953.0 |
| 008 - FIXED-LENGTH DATA ELEMENTS--GENERAL INFORMATION | |
| fixed length control field | 050103s19uu xx 00 eng d |
| 050 ## - LIBRARY OF CONGRESS CALL NUMBER | |
| Classification number | PHS TP 248.5.F47 |
| Item number | .C36 2003 |
| 100 ## - MAIN ENTRY--PERSONAL NAME | |
| Personal name | Canga, Rafael Lorenzo Camara. |
| 245 ## - TITLE STATEMENT | |
| Title | The Advantages of manufacturing natural fibers mechanicaly / |
| Statement of responsibility, etc | Rafael Lorenzo Camara Canga. |
| 260 ## - PUBLICATION, DISTRIBUTION, ETC. (IMPRINT) | |
| Place of publication, distribution, etc | Las Piñas City, Philippines : |
| Name of publisher, distributor, etc | Southville International School and Colleges, |
| Date of publication, distribution, etc | 2003. |
| 300 ## - PHYSICAL DESCRIPTION | |
| Extent | 20 pages ; |
| Dimensions | 28 cm. |
| 650 ## - SUBJECT ADDED ENTRY--TOPICAL TERM | |
| Topical term or geographic name as entry element | Natural fibers |
| General subdivision | Mechanical properties. |
| 650 ## - SUBJECT ADDED ENTRY--TOPICAL TERM | |
| Topical term or geographic name as entry element | Natural fibers |
| General subdivision | Manufacture. |
| 942 ## - ADDED ENTRY ELEMENTS (KOHA) | |
| Source of classification or shelving scheme | Library of Congress Classification |
| Koha item type | PASS |
| Withdrawn status | Lost status | Source of classification or shelving scheme | Damaged status | Home library | Current library | Shelving location | Date acquired | Source of acquisition | Total Checkouts | Full call number | Barcode | Date last seen | Price effective from | Koha item type |
|---|---|---|---|---|---|---|---|---|---|---|---|---|---|---|
| Library of Congress Classification | Luxembourg Library | Luxembourg Library | Portfolio Assessment of SISC Students Section | 01/03/2005 | Donation | PHS TP 248.5.F47 .C36 2003 | P0953 | 01/19/2018 | 04/08/2014 | PASS |